Průzkum bankovního trhu

Nárast bankových služieb od r. 1990. Potreba prieskumu bankového trhu. Problémy prieskumníka pri príprave prieskumu. Metódy prieskumu. Spolupráca s externými agentúrami a bankami. Prieskum trhu v Komerčnej banke.

Guardado en:
Detalles Bibliográficos
Autor principal: Mastil, J.
Formato: Capítulo de libro
Lenguaje:checo
Materias:
Etiquetas: Agregar Etiqueta
Sin Etiquetas, Sea el primero en etiquetar este registro!

MARC

LEADER 00000naa a2200000 4500
001 r020721
005 20230908090446.9
041 0 |a cze 
044 |a CZ 
245 1 0 |a Průzkum bankovního trhu  |c J. Mastil 
520 |a Nárast bankových služieb od r. 1990. Potreba prieskumu bankového trhu. Problémy prieskumníka pri príprave prieskumu. Metódy prieskumu. Spolupráca s externými agentúrami a bankami. Prieskum trhu v Komerčnej banke. 
610 2 0 |a banky 
610 2 0 |a prieskum trhu 
610 2 0 |a služby bankové 
610 2 0 |a marketing 
610 2 0 |a Komerční banka, a.s. Praha 
610 2 0 |a Česko 
100 1 |a Mastil, J.